000 00771nam0a22002531 4500
001 rc\4757806
005 20250613074244.0
021 _aRU
_b[57-46908]
035 _a(NLR Aleph) 009014877
090 _a9391207
_c9391207
100 _a20130417d1957 |||y0rusy50 ca
101 0 _arus
102 _aRU
105 _aa z |||||
200 1 _aПередовые кукурузоводы
210 _aГорький
_cКн. изд-во
_d1957
215 _a71 с.
_cил.
_d20
606 _aКукуруза
_xВозделывание
_yГорьковская область
_2psbo
700 1 _aЛысихин
_bГ.Н.
_gГеоргий Николаевич
801 0 _aRU
_bNLR
_gpsbo
801 1 _aRU
_bELAR
_2rusmarc
852 _aNLR
_j57-4/12031
942 _cBOOK
980 _aNB